Incentivos a la conservación y uso sostenible de la biodiversidad en los Andes colombianos en el contexto de sistemas productivos (Registro nro. 8818)

Detalles MARC
000 -CABECERA
Campo de control 00990 a2200241 4500
005 - FECHA Y HORA DE LA ULTIMA TRANSACCION
Campo de control 20200104041630.0
008 - ELEMENTOS DE LONGITUD FIJA—INFORMACION GENERAL
Campo de control 141124b xxu||||| |||| 00| 0 spa d
040 ## - FUENTE DE CATALOGACIÓN
Agencia transcriptora CO-BoIH
041 ## - IDIOMA
Código de idioma para texto/pista de sonido o título separado Español
100 ## - ASIENTO PRINCIPAL--NOMBRE PERSONAL
Nombre personal Hernandez P., Sarah
245 ## - MENCION DE TITULO
Título Incentivos a la conservación y uso sostenible de la biodiversidad en los Andes colombianos en el contexto de sistemas productivos
260 ## - PUBLICACION, DISTRIBUCION, ETC. (PIE DE IMPRENTA)
Lugar de publicación, distribución, etc. Bogotá
Nombre del editor, distribuidor, etc. Instituto Alexander von Humboldt
Fecha de publicación, distribución, etc. 2004
300 ## - DESCRIPCION FISICA
Extensión 150 p.
650 ## - ASIENTO SECUNDARIO DE MATERIA - TERMINO TEMATICO
Término temático o nombre geográfico como elemento de entrada Conservación de biodiversidad
650 ## - ASIENTO SECUNDARIO DE MATERIA - TERMINO TEMATICO
Término temático o nombre geográfico como elemento de entrada Uso sostenible
650 ## - ASIENTO SECUNDARIO DE MATERIA - TERMINO TEMATICO
Término temático o nombre geográfico como elemento de entrada Sistemas de producción
662 ## - ASIENTO SECUNDARIO DE MATERIA - JERARQUIA DEL NOMBRE DE LUGAR(
País o entidad mayor Colombia
Jurisdicción política de primer orden Zona Andina
700 ## - ASIENTO SECUNDARIO - NOMBRE PERSONAL
Nombre personal Murtinho, Felipe
700 ## - ASIENTO SECUNDARIO - NOMBRE PERSONAL
Nombre personal Rodríguez, Jean Carlo
700 ## - ASIENTO SECUNDARIO - NOMBRE PERSONAL
Nombre personal Borda, Carlos
773 0# - Item fuente:
Asiento principal Hernandez P., Sarah
Lugar, editorial y fecha de publicación Bogot Ìnstituto Alexander von Humboldt 2004
Título Incentivos a la conservacin̤ y uso sostenible de la biodiversidad en los Andes colombianos en el contexto de sistemas productivos
942 ## - ELEMENTOS ADICIONALES (KOHA)
Sistema de clasificación Local
Tipo de ítem Informe Técnico

No hay ítems disponibles.